Prezydenci Stanów Zjednoczonych #2 - Statystyki

Ogólne statystyki
  • Ten quiz został rozwiązany 11 razy
  • Średni wynik to 7 z 12
Statystyki odpowiedzi
Obrazkowy Odpowiedź % Poprawnych
Abraham Lincoln
91%
Andrew Johnson
64%
Millard Fillmore
64%
Ulysses Grant
64%
Benjamin Harrison
55%
Franklin Pierce
55%
Grover Cleveland
55%
Grover Cleveland
55%
James Buchanan
55%
Rutherford Hayes
55%
Chester Arthur
45%
James Garfield
45%
Nie znaleziono quizów pasujących do podanych kryteriów
Rozkład punktacji
Procent ludzi z każdym wynikiem
Percentyl według liczby udzielonych odpowiedzi
Twoja historia wyników
Nie rozwiązałeś tego quizu